Statistiques concernant Les jeux Mario Kart

Cliquez ici pour prendre le quiz!

Statistiques générales

  • Ce quiz a été pris 54 fois
  • Le résultat moyen est 7 sur 11

Statistiques - réponses

AnnéeConsoleJeu% Correct
2011Nintendo 3DSMario Kart 7
91%
2014Wii UMario Kart 8
87%
2008WiiMario Kart Wii
87%
2003GameCubeMario Kart : Double Dash !!
81%
1996Nintendo 64Mario Kart 64
75%
2005Nintendo DSMario Kart DS
75%
1992Super NintendoSuper Mario Kart
70%
2001GameBoy AdvanceMario Kart : Super Circuit
42%
2005ArcadeMario Kart Arcade GP
19%
2007ArcadeMario Kart Arcade GP 2
17%
2013ArcadeMario Kart Arcade GP DX
15%

Distribution des résultats

Percentile par nombre de réponses

% des personnes avec chaque résultat

Votre développement - résultats

Vous n’avez pas pris ce quiz